000 04619nam a2200445 i 4500
001 1161092
003 CO-MdUADB
005 20260507114444.0
007 ta
008 090811s2008 ck ado gr 1 spa d
020 _a9789588063607
_qISBN-13
020 _a9588063604
_qISBN-10
035 _a1161092
035 _a(OCoLC)777031756
040 _cCO-MdUADB
_aCO-MdUADB
_bspa
_erda
041 _aspa
050 4 _aHQ
080 _aG
082 4 _a305
100 1 0 _aWade, Peter,
_d1957-
_4edt
_0(isni)0000 0001 2028 239X
_0(viaf)71479935
_eedt
_9257877
245 1 0 _aRaza, etnicidad y sexualidades :
_bciudadanía y multiculturalismo en América Latina.
250 _a2.edición.
264 1 _aBogotá :
_bUniversidad Nacional de Colombia. Facultad de Ciencias Humanas y Económicas,
_c2008.
300 _a565 páginas :
_bilustraciones, graficas, fotografía.
336 _2rdacontent
_atexto
_btxt
337 _ano mediado
338 _avolumen
490 0 _aLecturas CES
500 _aGENERAL: Incluye índice temático.
505 2 0 _a
_tIdentidades racializadas y sexualidades en América Latina. A manera de introducción. --
_tDebates contemporáneos sobre raza, etnicidad, género y sexualidad en las ciencias sociales. --
_tGobiernos y ciudadanía sexuales. --
_tEl sexo y el ciudadano: Barbies y reinas de belleza en la era de Evo Morales. --
_tLas mujeres indígenas ecuatorianas bajo la gobernabilidad multicultural y de género. --
_tVictimas egoístas : Perspectivas sobre la sexualidad, raza, clase y adolescencia desde un hospital de maternidad en Salvador, Brasil. --
_tSexualidad, género y color entre jóvenes brasileros. --
_tNarrativas de sexo, violencia y disponibilidad: Raza, género y jerarquías de la violación en Perú. --
_tImágenes e imaginarios de las sexualidades negras. --
_tRaza, género y sexualidad en el Brasil contemporáneo. --
_tMás que una cuestión de piel. Determinantes sociales y orientaciones subjetivas en los encuentros y desencuentros heterosexuales entre mujeres y hombres negros y no negros en Bogotá. --
_tTensiones en la construcción de identidades de hombres negros homosexuales en Cali. --
_t¿Hombres negros potentes, mujeres negras candentes? Sexualidades y estereotipos raciales. La experiencia de jóvenes universitarios en Cali-Colombia. --
_tMovilidades, identidades y sexualidades en mujeres afrocolombianas migrantes en Europa: El caso de las "Italianas". --
_tIntimidad, desigualdad y democracia racial: especulaciones sobre raza, género y sexo en la historia de las relaciones raciales en Brasil. --
_tNegociando la pertenencia: Familia y mestizaje en México. -- Nacionalizando a los niños : Escolarización, género y lengua en la India contemporánea. --
_t Superando la interseccionalidad de categorías por la construcción de un proyecto político feminista radical. Reflexiones en torno a las estrategias políticas de las mujeres afrodescendientes. --
_tIdentidades sexuales y políticas de la identidad. --
_tRacismo, homofobia y sexismo. Reflexiones teóricas y políticas sobre interseccionalidad.
520 3 _aRESUMEN: Fueron las feministas lésbicas afroamericanas en Estados Unidos quienes hace tres décadas enfrentaron el modelo hegemónico de La mujer universal que ignoraba los factores políticos e ideológicos que condicionan las experiencias de las mujeres de modo desigual en función de su clase, su adscripción racial o étnica. Las desigualdades socio-raciales y de género no resultan, sin embargo, de la mera suma, sino de intersecciones dinámicas entre el sexo-género, las sexualidades, la clase y la raza en circunstancias históricas específicas. La pregunta crucial se refiere, por tanto, a por qué y cómo la apología racista o étnica de las desigualdades socio-económicas implica el control moral y político de los cuerpos sexuados y de las sexualidades. Es una obra innovadora y excepcional en más de un sentido. Se trata del primer libro que reúne aportaciones de un grupo de estudiosas y estudiosos comprometidos en su trayectoria académica y personal con la teoría feminista sobre las complejas... (Tomado de la caratula).
650 7 _aIdentidad de género
_2armarc
_914921
650 7 _aRoles sexuales
_2lemb
_967205
650 7 _aRacismo
_zColombia
_2lemb
_9141815
650 7 _aMujeres indígenas
_2embne
_911496
650 7 _aHomosexualidad
_92402
_2lemb
700 1 0 _aUrrea Giraldo, Fernando
_4edt
_eedt
_9283722
700 1 0 _aViveros Vigoya, Mara,
_d1956-
_4edt
_0(isni)0000 0000 6157 4113
_0(viaf)2648186
_eedt
_9304673
942 _cBOOK
_2ddc
999 _c519325
_d519325